| 000 | 01305naa a22003017a 4500 | ||
|---|---|---|---|
| 001 | BR9406652 | ||
| 003 | BR-BrBNA | ||
| 005 | 20240918181303.0 | ||
| 007 | ta | ||
| 008 | 230509b bl.||||| |||| 00| 0 por d | ||
| 040 |
_aBR-BrBNA _bpor _cBiblioteca Nacional de Agricultura |
||
| 041 | _a(Pt) | ||
| 072 | _aC30; P01 | ||
| 090 | _aC30 BR9406652 | ||
| 100 | 1 | _aVilas Boas, J.H. | |
| 111 | 1 |
_a1. Simposio Internacional de Estudos Ambientais em Florestas Tropicais Umidas _cManaus, AM (Brazil) _d7-13 Oct 1990 |
|
| 245 | 1 | _aImplantacao do potencial geoambiental no banco de dados nacional de recursos naturais e meio ambiente-MENAC. Area-Teste: Projeto de protecao ao meio ambiente e das comunidades indigenas-PMACI | |
| 260 | 3 |
_aRio de Janeiro, RJ (Brasil): _c1992. |
|
| 500 | _aAnais do 1. Simposio Internacional de Estudos Ambientais em Florestas Tropicais Umidas Rio de Janeiro, RJ (Brasil): 1992. p. 457-468 (BR9406652-AM)C30 | ||
| 650 | _aBase de Dados | ||
| 650 | _aComputador | ||
| 650 | _aMeio Ambiente | ||
| 650 | _aRecurso Natural | ||
| 650 | _aBahia | ||
| 773 | 0 |
_tAnais do 1. Simposio Internacional de Estudos Ambientais em Florestas Tropicais Umidas _wC30 BR9406652 _gRio de Janeiro, RJ (Brasil), 1992. p. 457-468 |
|
| 909 |
_a202404 _bLucia _c55 _dLucia Elande |
||
| 942 |
_cAM _2AGRIS |
||
| 999 |
_c324569 _d324569 |
||